Fr. Conceicao Rodrigues College of Engineering

Quality control and appication (Record no. 24235)

MARC details
000 -LEADER
fixed length control field 00330nam a2200145Ia 4500
082 ## - DEWEY DECIMAL CLASSIFICATION NUMBER
Classification number 658.562
Item number HAN
100 ## - MAIN ENTRY--PERSONAL NAME
Personal name Hansen/b.L/ Ghare/P.M
245 ## - TITLE STATEMENT
Title Quality control and appication
260 ## - PUBLICATION, DISTRIBUTION, ETC.
Name of publisher, distributor, etc. Prentice-hall
Place of publication, distribution, etc. New Delhi
Date of publication, distribution, etc. 1987
300 ## - PHYSICAL DESCRIPTION
Extent 358
546 ## - LANGUAGE NOTE
Language note ENGLISH
654 ## - SUBJECT ADDED ENTRY--FACETED TOPICAL TERMS
Focus term Quality Control
942 ## - ADDED ENTRY ELEMENTS (KOHA)
Koha item type BOOK
Holdings
Withdrawn status Lost status Damaged status Not for loan Collection Home library Current library Date acquired Total Checkouts Full call number Barcode Date last seen Price effective from Koha item type
        CRC Fr. Agnel's C.Rodrigues College of Engineering Fr. Agnel's C.Rodrigues College of Engineering 17/03/2023   658.562 HAN 13985 17/03/2023 17/03/2023 BOOK
        CRC Fr. Agnel's C.Rodrigues College of Engineering Fr. Agnel's C.Rodrigues College of Engineering 17/03/2023   658.562 HAN 13986 17/03/2023 17/03/2023 BOOK
        CRC Fr. Agnel's C.Rodrigues College of Engineering Fr. Agnel's C.Rodrigues College of Engineering 17/03/2023   658.562 HAN 13987 17/03/2023 17/03/2023 BOOK
        CRC Fr. Agnel's C.Rodrigues College of Engineering Fr. Agnel's C.Rodrigues College of Engineering 17/03/2023   658.562 HAN 13988 17/03/2023 17/03/2023 BOOK
        CRC Fr. Agnel's C.Rodrigues College of Engineering Fr. Agnel's C.Rodrigues College of Engineering 17/03/2023   658.562 HAN 13989 17/03/2023 17/03/2023 BOOK